Evénements du 14 juillet - Statistiques

Statistiques générales
  • Ce quiz a été pris 58 fois
  • Le résultat moyen est 9 sur 15
Statistiques - réponses
Hint Réponse % Correct
Prise de la Bastille 1789
97%
Le parti Nazi devient le seul parti en Allemagne 1933
93%
Attentat au camion à Nice 2016
90%
Louis VIII devient roi de France 1223
80%
Naissance de Jules Mazarin 1602
63%
Début des inondations en Europe de l'ouest qui feront 42 morts 2021
63%
Naissance du président Gérald Ford 1913
60%
Condamnation à mort de Sacco et Vanzetti 1921
57%
Destitution du roi Fayçal II d'Irak 1958
53%
La Marseillaise est adoptée comme hymne national 1795
50%
Pascal Paoli est proclamé général en chef de la nation corse 1755
43%
L'église anglicanne autorise la consécration de femmes évêques 2014
43%
Naissance du peintre Gustav Klimt 1862
33%
1ère ascension du Cervin 1865
27%
Apparition de la devise Liberté Egalité Fraternité sur les bâtiments publics 1880
23%
Aucun quiz correspondant
Distribution des résultats
% des personnes avec chaque résultat
Percentile par nombre de réponses
Votre historique - résultats
Vous n’avez pas pris ce quiz